LEADER 01639nam a2200349 a 4500 001 000000137712 003 CaOOAMICUS 005 20140312123856.0 008 140312s2013 it frm z000 0 ita r 020 $a978-88-8272-912-7 040 $aPUL$bita 082 04$a230 100 0 $aBenedictus PP.$bXVI,$d1927-2022.$0(OLS)http://pul/name/14991 245 13$aIl posto di Dio nel mondo :$bpotere, politica, legge /$cJoseph Ratzinger Benedetto XVI ; Prefazione Honorable Paul D. Ryan ; Postfazione Mons. Giampaolo Crepaldi ; a cura di Stefano Fontana. 260 $aSiena :$bCantagalli,$c©2013. 300 $a261 p.$c21 cm 600 04$aBenedictus PP. XVI,$d1927-2022$xTeologia.$0(OLS)http://pul/subject/37588 700 1 $aFontana, Stefano.$0(OLS)http://pul/name/33225 700 1 $aRyan, Paul Davis.$0(OLS)http://pul/name/88812 700 1 $aCrepaldi, Giampaolo,$cvesc. di Bisarcio.$0(OLS)http://pul/name/33151 850 $aPUL 852 $aPUL$W1$xSL Religione 3$y85$m230 BENED16 3$j158742$qDDC 21$B158268$CPULBib$Z2$F158268 $H123637 $82 900 $aRatzinger, Joseph,$ccard.,$d1927-2022$914991 900 $aBenedetto XVI,$cpapa,$d1927-$914991 910 $aPapi (2005-2013 : Benedictus PP. XVI)$914991 910 $aPapi (2005-2013 : Benedictus PP. XVI)$914991 941 1 $a9 996 $6020$a978-88-8272-912-7$9(OLS)http://pul/number/154781 996 $6082$a230$9(OLS)http://pul/classification/368 996 $6245$aIl posto di Dio nel mondo :$bpotere, politica, legge$9(OLS)http://pul/title/174374 996 $6260$aSiena :$bCantagalli$9(OLS)http://pul/publisher/48759 LEADER 01854nam a2200373 u 4500 001 000000013317 003 CaOOAMICUS 005 20070226105635.0 008 940517s1970 it u000 u ita u 035 $a10319160 040 $aMSA$bita$dPUL(R) 100 1 $aMartina, Giacomo,$cS.I.,$d1924-2012.$0(OLS)http://pul/name/1580 245 13$aLa Chiesa nell'età dell'assolutismo del liberalismo del totalitarismo :$bda Lutero ai nostri giorni: lezioni /$cGiacomo Martina. 260 $aBrescia :$bMorcelliana,$c1970. 300 $a782 p. ;$c24 cm 500 $aComprende indici. 504 $aBibliografia: p. 22-27. 650 4$aChiesa$xStoria$yEtà moderna.$0(OLS)http://pul/subject/1633 650 4$aControriforma.$0(OLS)http://pul/subject/3420 650 4$aRiforma.$0(OLS)http://pul/subject/330 850 $aPUL 852 $aPUL$W1$xSL Filosofia 1$y2$m105 C $j18785$nBK-PRI$b $qStampati$B18785$CPULBib$Z2$F18785 $H $81 852 $aPUL$W1$xSL Filosofia 1$y2$m105 B 42$j18786$nBK-PRI$b $qStampati$B18786$CPULBib$Z2$F18786 $H $81 852 $aPUL$W1$xDP1 Fondo Ciprotti$y59$m1537 B 17$j18787$nBK-PRI$b $qFondi$B18787$CPULBib$Z2$F18787 $H $81 852 $aPUL$W1$xSL Filosofia 1$y2$m105 B 13$j18788$nBK-PRI$b $qStampati$B18788$CPULBib$Z2$F18788 $H $81 941 1 $a8 941 1 $a1 960 $aProtestantesimo$9330 960 $aProtestantesimo$9330 960 $aRiforma protestante$9330 961 $aINV: 76917 961 $aINV: 1282 F. Ciprotti 996 $6245$aLa Chiesa nell'età dell'assolutismo del liberalismo del totalitarismo :$bda Lutero ai nostri giorni: lezioni$9(OLS)http://pul/title/19239 996 $6260$aBrescia :$bMorcelliana$9(OLS)http://pul/publisher/47854